000 00298nam a2200109Ia 4500
008 181023s9999 xx 000 0 und d
020 _a9780140177398
100 _aSteinbeck, John
245 _cJohn Steinbeck
_aOf mice and men/
260 _aNY:
_bPenguin books
_c1937
300 _a107 pages :
_c18 cm.
999 _c359401
_d359401